English puzzles iii /
Guardado en:
| Autor Principal: | |
|---|---|
| Formato: | Libro |
| Publicado: |
Estados Unidos de América :
Heinemann,
1991
|
| Series: | Heinemann Games
|
| Materias: | |
| Etiquetas: |
Agregar Etiqueta
Sin Etiquetas, Sea el primero en etiquetar este registro!
|
| LEADER | 00649nam a22002295a 4500 | ||
|---|---|---|---|
| 001 | CEM.cems008724 | ||
| 005 | 20060214000000.0 | ||
| 008 | 130507s1991##################000#0#####d | ||
| 003 | CEMS | ||
| 082 | 0 | 4 | |a 428.64 |
| 100 | 1 | |a Case, Doug | |
| 245 | 1 | 0 | |a English puzzles iii / |
| 260 | |a Estados Unidos de América : |b Heinemann, |c 1991 | ||
| 300 | |a 58 p. | ||
| 490 | 0 | |a Heinemann Games | |
| 505 | 0 | |a 50 puzzles and games for practising your english.- | |
| 653 | |a C. basico 1995 | ||
| 653 | |a Heinemann games | ||
| 653 | |a Ingles | ||
| 653 | |a Ingles-puzzles | ||
| 653 | |a Ingles-textos | ||
| 859 | |a CEMS |b BIB. CEMS - 11 de abril |h 428.64 |i C266/3 |p 18097.95 |t Ej.1 | ||
